Normal view
MARC view
Entry Personal Name
001 - CONTROL NUMBER
- control field: 38847
003 - CONTROL NUMBER IDENTIFIER
- control field: ARRUPE
005 - DATE AND TIME OF LATEST TRANSACTION
- control field: 20180124111646.0
008 - FIXED-LENGTH DATA ELEMENTS
- fixed length control field: 180124|| aca||aabn | a|a d
040 ## - CATALOGING SOURCE
- Original cataloging agency: ARRUPE
- Transcribing agency: ARRUPE
100 ## - HEADING--PERSONAL NAME
- Personal name: Boulgakov, Serge,
- Dates associated with a name: 1901-1970.
670 ## - SOURCE DATA FOUND
- Source citation: Work cat.: (ARRUPE)0: Boulgakov, Serge, 1901-1970., Le buisson ardent /, c1987.